000 00785nam a22002057a 4500
007 ta
008 150515b xxu||||| mmmm 00| 0 eng d
082 _aTES SAN 2026
100 _aSánchez Cabello, Hernán Leonardo
_935550
245 _aCausas de la Sobrecarga Laboral Docente de la Escuela María Luisa Sepulveda de la comuna de Quilicura del año 2024.
260 _aSantiago:
_bUniversidad Miguel de Cervantes. Escuela de Trabajo Social
_c2026
300 _a68p.; Anexos.
521 _aTesis para optar al Grado de Licenciado en Trabajo Social.
650 _aSobrecarga de trabajo
_935551
650 _aCondiciones de trabajo
_93288
650 _aProfesores
653 _aTesis
_aTrabajo social
700 _aPalma Fuentes, Mabel
_qProfesora guía
_923726
942 _2ddc
_cTESIS
999 _c20323
_d20323